Guía de evaluación de la operación de incineradores de desechos sólidos en Costa Rica
Guardado en:
| Autor principal: | |
|---|---|
| Formato: | Libro |
| Publicado: |
San José, C.R.
2001
|
| Materias: | |
| Etiquetas: |
Agregar Etiqueta
Sin Etiquetas, Sea el primero en etiquetar este registro!
|
MARC
| LEADER | 00000nam a2200000Ia 4500 | ||
|---|---|---|---|
| 003 | 008629 | ||
| 005 | 20221231144204.0 | ||
| 008 | 140114s2001 cr a m 000 ||s d | ||
| 040 | |c cru CEDI | ||
| 090 | |a TFG 4246 | ||
| 100 | |a Herrera Sánchez, José Joaquín |9 7931 | ||
| 245 | |a Guía de evaluación de la operación de incineradores de desechos sólidos en Costa Rica | ||
| 260 | |c 2001 |a San José, C.R. | ||
| 300 | |a xii, 214 hojas : ilustraciones | ||
| 500 | |a Proyecto de graduación (licenciatura en ingeniería química)--Universidad de Costa Rica. Facultad de Ingeniería. Escuela de Ingeniería Química | ||
| 650 | |x RESIDUOS SOLIDOS |x ASPECTOS AMBIENTALES |x RESIDUOS DE HOSPITALES |x BASURAS Y APROVECHAMIENTO DE BASURAS |x RESIDUOS PELIGROSOS |x RECOLECCION DE BASURAS |9 7932 | ||
| 942 | |c TFG | ||
| 999 | |c 18184 |d 18184 | ||
